01428nam a2200277 a 450000100100000000500170001000800410002704000250006808200200009310000360011324500540014926000390020330000210024259000260026365000280028965000310031771000590034871000480040791000370045595201330049295201330062595201330075895201180089195201240100999900170113300001510420250207101102.0100201s2006 dr 000 p spa d aDO-SdBNPbspacBNPHU aRD861.44bT266p1 aTejera, Eduardo Jb1947-91074910aPoemas de mi propio otoño /cEduardo J. Tejera. aSanto Domingo :bFDEEbECD,c2006. a104 p. ;c18 cm. aInventariado, 2019/LP 0aPoesía dominicana966 0aLiteratura dominicana.9672 aFundación Dominicana de Estudios Económicos9341902 aEditorial Contemporánea Dominicana934191 aValidado. Control de calidad MFF 001054708DSaGRbGRcHDd2010-02-01iLF1l0oRD861.44 T266pp15104-30r2020-06-25te. 3w2020-06-25yLFDSZPréstamo en sala 001054708DSaGRbGRcHDd2010-02-01iLF1l0oRD861.44 T266pp15104-40r2020-06-25te. 4w2020-06-25yLFDSZPréstamo en sala 001054708DSaGRbGRcHDd2010-02-01iLF1l0oRD861.44 T266pp15104-50r2020-06-25te. 5w2020-06-25yLFDSZPréstamo en sala 0010718PDaPDbPDcHDd2010-02-01iLF1l0oRD861.44 T266pp15104-10r2020-06-25w2020-06-25yLFPDZNo se presta 0010718PDaPDbPDcHDd2010-02-01iLF1l0oRD861.44 T266pp15104-20r2020-06-25te. 2w2020-06-25yLFPDZNo se presta c14676d14676